| 000 | 00000nas 2200000za 4500 |
| 001 | 9.859581 |
| 003 | CaOODSP |
| 005 | 20221107160303 |
| 007 | cr ||||||||||| |
| 008 | 180723d19881988oncar p oss f0###a0fre|d |
| 022 | |y0847-124X |
| 040 | |aCaOODSP|bfre |
| 041 | |aeng|afre |
| 043 | |an-cn--- |
| 086 | 1 |aCS87-204-PDF |
| 245 | 00|aFilm and video in Canada |h[ressource électronique] = |bLe film et la vidéo au Canada. |
| 246 | 11|aFilm et la vidéo au Canada |
| 260 | |aOttawa : |bStatistics Canada, Education, Culture and Tourism Division = Statistique Canada, Division de l'éducation de la culture et du tourisme, |c1990. |
| 310 | |aAnnuel |
| 362 | 0 |a1987/88. |
| 490 | 0 |aCulture statistics = Statistiques de la culture |
| 500 | |aÉdition numérisée de l’imprimé [par Statistique Canada]. |
| 546 | |aTexte en anglais et en français. |
| 580 | |aFait suite à: Culture statistics, film industry, tables = Statistiques de la culture, industrie du film, tableaux. |
| 580 | |aSuivi de: Film and video = Le film et la vidéo. |
| 692 | 07|2gccst|aIndustrie cinématographique |
| 710 | 1 |aCanada.|bStatistique Canada. |bDivision de l'éducation, de la culture et du tourisme. |
| 780 | 00|tCulture statistics, film industry, tables |w(CaOODSP)9.859571 |
| 785 | 00|tFilm and video |w(CaOODSP)9.859586 |
| 791 | |tFilm and video in Canada |eeng|w(CaOODSP)9.859578 |